Mathematics of Finance (Record no. 543575)
[ view plain ]
| 000 -LEADER | |
|---|---|
| fixed length control field | 00453nam a22001577a 4500 |
| 082 ## - DEWEY DECIMAL CLASSIFICATION NUMBER | |
| Classification number | 510.24332 |
| Author Mark | TAB |
| -- | L-2, P-37 |
| 100 ## - MAIN ENTRY--PERSONAL NAME | |
| Personal name | Tabor, Osborne B |
| 9 (RLIN) | 38978 |
| 245 ## - TITLE STATEMENT | |
| Title | Mathematics of Finance |
| 260 ## - PUBLICATION, DISTRIBUTION, ETC. | |
| Place of publication, distribution, etc. | USA |
| Name of publisher, distributor, etc. | Addison Wesley Publishing Company |
| Date of publication, distribution, etc. | 1952 |
| 300 ## - PHYSICAL DESCRIPTION | |
| Extent | xiii, 305.p |
| 526 ## - STUDY PROGRAM INFORMATION NOTE | |
| Program name | 0 |
| Interest level | 0 |
| Reading level | 0 |
| Title point value | 510_243320000000000_TAB |
| 526 ## - STUDY PROGRAM INFORMATION NOTE | |
| Program name | 0 |
| Interest level | 0 |
| Reading level | 0 |
| Title point value | 510_243320000000000_TAB |
| 650 ## - SUBJECT ADDED ENTRY--TOPICAL TERM | |
| Topical term or geographic name entry element | MCE |
| 9 (RLIN) | 379 |
| 700 ## - ADDED ENTRY--PERSONAL NAME | |
| Personal name | Osborne B Tabor |
| 9 (RLIN) | 38979 |
| 942 ## - ADDED ENTRY ELEMENTS (KOHA) | |
| Source of classification or shelving scheme | |
| Koha item type | Book |
| Withdrawn status | Lost status | Source of classification or shelving scheme | Damaged status | Not for loan | Permanent Location | Current Location | Date acquired | Total Checkouts | Full call number | Barcode | Date last seen | Copy number | Price effective from | Koha item type |
|---|---|---|---|---|---|---|---|---|---|---|---|---|---|---|
| Military College of Engineering (MCE) | Military College of Engineering (MCE) | 03/26/2014 | 510.24332 TAB | MCE-1995 | 03/26/2014 | 2 | 03/26/2014 | Book | ||||||
| Military College of Engineering (MCE) | Military College of Engineering (MCE) | 03/27/2014 | 510.24332 TAB | MCE-1995/1 | 03/27/2014 | 03/27/2014 | Book |
